000
00300nam a2200133Ia 4500
100
_a
Panasonic
650
_a
Electrical Engineering
942
_c
BK
654
_a
Service Manual
245
_a
Service Manual .NV-8610
260
_b
Matsushita Electric Co.
_a
Osaka
546
_a
ENGLISH
999
_c
33048
_d
33048